000 01535 a2200145 4500
003 Nust
005 20170207154034.0
040 _cNust
100 _aEugenia G. Giannopoulou
245 _aData Mining in Medical and Biological Research (E-Book)
_cEugenia G. Giannopoulou
260 _aIndia
_bIn-Teh
_c© 2008
300 _aviii,320 P;
505 _aDiscovery of the Latent Supportive Relevance in Medical Data Mining 001 Intelligent Decision Support System for Classification of Eeg Signals using Wavelet Coefficients 019 Data Mining for DNA Viruses with Breast Cancer and its Limitation 039 Building Ontology from Knowledge Base Systems 055 Building Clinical Trust in Automated Knowledge Acquisition 069 Radiology Data Mining Applications using Imaging Informatics 107 Application of Data Mining and Text Mining to the Analysis of Medical near Miss Cases 117 Interactive Knowledge Discovery for Temporal Lobe Epilepsy 131 Monitoring Human Resources of a Public Health-Care System through Intelligent Data Analysis and Visualization 149 Data and Mined-Knowledge Interoperability in eHealth Systems 159 A Scalable Healthcare Integrated Platform (SHIP) and Key Technologies for Daily Application 177 A Mobile Device Based ECG Analysis System 209 A New Definition and Look at DNA Motif 227 Data Mining Applications in the Post-Genomic Era 237 Topological Analysis of Cellular Networks 253 Biomedical Literature Mining for Biological Databases Annotation 267 Social Data Mining to Improve Bioinspired Intelligent Systems 291
651 _a(E-Book)
942 _2ddc
_cBK
999 _c192323
_d192323